| 000 | 00826nam a2200253Ia 4500 | ||
|---|---|---|---|
| 003 | OSt | ||
| 005 | 20221005110501.0 | ||
| 006 | a|||||r|||| 00| 0 | ||
| 007 | ta | ||
| 008 | 221004b |||||||| |||| 00| 0 hin d | ||
| 024 | _a22832 | ||
| 037 | _cTextual | ||
| 040 |
_aCRL _cCRL _bhin |
||
| 041 |
_2hin _ahin |
||
| 082 | _aO152,3N361x, M2 | ||
| 100 | _aभगत, मंजुल | ||
| 245 | 0 | _aबावन पत्ते और एक जोकर | |
| 246 | _aBāvan patte aur ek jokara | ||
| 260 |
_aनई दिल्ली _bनेशनल पब्लिशिंग हाउस भारत _c1982 |
||
| 300 |
_a127पृ0 _ccm. |
||
| 650 | _aहिन्दी साहित्य | ||
| 942 |
_hO152,3N361x, M2 _cTEXL _2cc |
||
| 999 |
_c1018971 _d1018971 |
||